=LDR 00000nam 2200000 4500 =001 000874 =005 20250712112019 =035 ##$$a 0010-0725000752 =007 ta =008 250712################a##########0#ind## =020 ##$$a 978-623-472-156-0 =082 ##$$a 398.209 598 =084 ##$$a 398.209 598 SHA k =100 #$$a Sharma, Dropati =245 1#$$a Kekhawatiran kakek /$c Dropati Sharma =250 ##$$a Cetakan Kedua =260 ##$$a Jakarta :$b Badan pengembangan dan pembinaan bahasa,$c 2022 =300 ##$$a 16 hlm. : $b Ilus. ; $c 22,9 cm =650 #4$$a Cerita anak Indonesia terjemahan =650 #4$$a Literasi bahan bacaan